[Event "DEM U12w 2024"]
[Site "Willingen GER"]
[Date "2024.05.20"]
[Round "3"]
[White "Kovalskyy, Alicia"]
[Black "Bohatyrova, Mariia"]
[Result "1/2-1/2"]
[Termination "normal"]
[Board "4"]
[WhiteElo "1825"]
[BlackElo "1588"]
[WhiteClock "00:02:00"]
[BlackClock "00:01:48"]
[PlyCount "120"]
[WhiteFideId "34612130"]
[BlackFideId "34165789"]
[EventCountry "GER"]
[EventRounds "9"]
[EventType "swiss"]
[EventDate "2024.05.18"]

1. e4 {[%clk 01:30:58]} {[%emt 00:00:02]} c5 {[%clk 01:30:56]} {[%emt
00:00:04]} 2. Nf3 {[%clk 01:31:24]} {[%emt 00:00:04]} d6 {[%clk 01:31:21]}
{[%emt 00:00:05]} 3. d4 {[%clk 01:31:42]} {[%emt 00:00:12]} cxd4 {[%clk
01:31:47]} {[%emt 00:00:04]} 4. Nxd4 {[%clk 01:31:18]} {[%emt 00:00:54]} Nf6
{[%clk 01:32:11]} {[%emt 00:00:06]} 5. Nc3 {[%clk 01:31:44]} {[%emt 00:00:04]}
g6 {[%clk 01:32:36]} {[%emt 00:00:05]} 6. f3 {[%clk 01:31:16]} {[%emt
00:00:58]} h5 {[%clk 01:32:37]} {[%emt 00:00:30]} 7. Bc4 {[%clk 01:21:36]}
{[%emt 00:10:11]} Bg7 {[%clk 01:32:32]} {[%emt 00:00:34]} 8. Be3 {[%clk
01:21:16]} {[%emt 00:00:49]} a6 {[%clk 01:30:14]} {[%emt 00:02:47]} 9. a4
{[%clk 01:17:22]} {[%emt 00:04:26]} Nbd7 {[%clk 01:20:46]} {[%emt 00:09:50]}
10. Qd2 {[%clk 01:09:09]} {[%emt 00:08:49]} Qc7 {[%clk 01:05:42]} {[%emt
00:15:34]} 11. Nd5 {[%clk 00:43:50]} {[%emt 00:25:50]} Nxd5 {[%clk 00:53:08]}
{[%emt 00:13:03]} 12. Bxd5 {[%clk 00:44:11]} {[%emt 00:00:09]} Nb6 {[%clk
00:46:44]} {[%emt 00:06:53]} 13. Bb3 {[%clk 00:40:46]} {[%emt 00:03:56]} Bd7
{[%clk 00:43:45]} {[%emt 00:03:28]} 14. Qe2 {[%clk 00:32:20]} {[%emt 00:08:55]}
Rc8 {[%clk 00:41:53]} {[%emt 00:02:22]} 15. c3 {[%clk 00:29:45]} {[%emt
00:03:08]} Nc4 {[%clk 00:35:30]} {[%emt 00:06:50]} 16. Bf2 {[%clk 00:29:20]}
{[%emt 00:00:58]} Bh6 {[%clk 00:20:47]} {[%emt 00:15:13]} 17. O-O {[%clk
00:17:43]} {[%emt 00:12:07]} Nd2 {[%clk 00:16:14]} {[%emt 00:04:59]} 18. Rfd1
{[%clk 00:17:04]} {[%emt 00:01:05]} Nxb3 {[%clk 00:15:41]} {[%emt 00:01:11]}
19. Nxb3 {[%clk 00:17:26]} {[%emt 00:00:07]} O-O {[%clk 00:10:14]} {[%emt
00:05:57]} 20. h3 {[%clk 00:13:25]} {[%emt 00:04:32]} Bg7 {[%clk 00:08:09]}
{[%emt 00:02:34]} 21. g4 {[%clk 00:10:53]} {[%emt 00:03:02]} hxg4 {[%clk
00:08:04]} {[%emt 00:00:36]} 22. hxg4 {[%clk 00:11:15]} {[%emt 00:00:09]} Kh7
{[%clk 00:04:32]} {[%emt 00:04:01]} 23. Kg2 {[%clk 00:10:28]} {[%emt 00:01:18]}
Rh8 {[%clk 00:03:43]} {[%emt 00:01:19]} 24. Rh1+ {[%clk 00:10:39]} {[%emt
00:00:18]} Kg8 {[%clk 00:04:09]} {[%emt 00:00:04]} 25. Qd2 {[%clk 00:08:11]}
{[%emt 00:02:58]} Rxh1 {[%clk 00:03:11]} {[%emt 00:01:28]} 26. Rxh1 {[%clk
00:05:59]} {[%emt 00:02:42]} f6 {[%clk 00:02:36]} {[%emt 00:01:05]} 27. a5
{[%clk 00:02:34]} {[%emt 00:03:55]} Kf7 {[%clk 00:02:49]} {[%emt 00:00:17]} 28.
Bb6 {[%clk 00:01:57]} {[%emt 00:01:06]} Qc4 {[%clk 00:02:21]} {[%emt 00:00:58]}
29. Nc1 {[%clk 00:01:57]} {[%emt 00:00:32]} Rh8 {[%clk 00:01:23]} {[%emt
00:01:25]} 30. Rxh8 {[%clk 00:02:25]} {[%emt 00:00:03]} Bxh8 {[%clk 00:01:48]}
{[%emt 00:00:06]} 31. Qd5+ {[%clk 00:02:37]} {[%emt 00:00:18]} Qxd5 {[%clk
00:02:11]} {[%emt 00:00:07]} 32. exd5 {[%clk 00:03:04]} {[%emt 00:00:02]} f5
{[%clk 00:01:48]} {[%emt 00:00:52]} 33. gxf5 {[%clk 00:03:03]} {[%emt
00:00:31]} gxf5 {[%clk 00:02:00]} {[%emt 00:00:19]} 34. Ne2 {[%clk 00:02:57]}
{[%emt 00:00:26]} Kg6 {[%clk 00:01:43]} {[%emt 00:00:56]} 35. Nd4 {[%clk
00:01:34]} {[%emt 00:01:54]} Be5 {[%clk 00:01:27]} {[%emt 00:00:45]} 36. Bd8
{[%clk 00:01:24]} {[%emt 00:00:40]} Kf7 {[%clk 00:01:20]} {[%emt 00:00:37]} 37.
Kf2 {[%clk 00:00:57]} {[%emt 00:00:57]} e6 {[%clk 00:01:18]} {[%emt 00:00:33]}
38. dxe6+ {[%clk 00:01:08]} {[%emt 00:00:20]} Bxe6 {[%clk 00:01:45]} {[%emt
00:00:04]} 39. Nxe6 {[%clk 00:01:26]} {[%emt 00:00:12]} Kxe6 {[%clk 00:02:08]}
{[%emt 00:00:07]} 40. Ke3 {[%clk 00:01:19]} {[%emt 00:00:37]} Kd5 {[%clk
00:01:44]} {[%emt 00:00:53]} 41. Kd3 {[%clk 00:00:58]} {[%emt 00:00:51]} Kc5
{[%clk 00:18:32]} {[%emt 00:13:41]} 42. Bb6+ {[%clk 00:28:33]} {[%emt
00:02:55]} Kc6 {[%clk 00:03:19]} {[%emt 00:15:43]} 43. Kc4 {[%clk 00:25:23]}
{[%emt 00:03:40]} d5+ {[%clk 00:02:45]} {[%emt 00:01:04]} 44. Kd3 {[%clk
00:25:36]} {[%emt 00:00:16]} Bf6 {[%clk 00:01:15]} {[%emt 00:02:01]} 45. Bd4
{[%clk 00:23:48]} {[%emt 00:02:17]} Bd8 {[%clk 00:01:32]} {[%emt 00:00:13]} 46.
b4 {[%clk 00:24:16]} {[%emt 00:00:03]} Kb5 {[%clk 00:01:48]} {[%emt 00:00:13]}
47. Be3 {[%clk 00:18:20]} {[%emt 00:06:25]} Bf6 {[%clk 00:01:37]} {[%emt
00:00:43]} 48. Bd4 {[%clk 00:17:50]} {[%emt 00:01:01]} Bg5 {[%clk 00:02:00]}
{[%emt 00:00:06]} 49. Be5 {[%clk 00:15:50]} {[%emt 00:02:30]} Be7 {[%clk
00:01:36]} {[%emt 00:00:53]} 50. Kd4 {[%clk 00:15:23]} {[%emt 00:00:57]} Kc6
{[%clk 00:01:48]} {[%emt 00:00:18]} 51. Bh8 {[%clk 00:12:20]} {[%emt 00:03:32]}
Bd6 {[%clk 00:02:08]} {[%emt 00:00:11]} 52. Be5 {[%clk 00:06:45]} {[%emt
00:06:05]} Be7 {[%clk 00:02:16]} {[%emt 00:00:20]} 53. f4 {[%clk 00:05:35]}
{[%emt 00:01:42]} Bd6 {[%clk 00:01:57]} {[%emt 00:00:49]} 54. Bxd6 {[%clk
00:04:52]} {[%emt 00:01:13]} Kxd6 {[%clk 00:02:23]} {[%emt 00:00:04]} 55. Ke3
{[%clk 00:03:03]} {[%emt 00:02:19]} Kc6 {[%clk 00:01:56]} {[%emt 00:00:57]} 56.
Kd3 {[%clk 00:02:44]} {[%emt 00:00:48]} Kd7 {[%clk 00:01:54]} {[%emt 00:00:32]}
57. Ke3 {[%clk 00:01:43]} {[%emt 00:01:31]} Ke7 {[%clk 00:01:18]} {[%emt
00:01:05]} 58. Kd2 {[%clk 00:01:41]} {[%emt 00:00:33]} Kd8 {[%clk 00:01:30]}
{[%emt 00:00:16]} 59. Ke3 {[%clk 00:01:42]} {[%emt 00:00:31]} Ke7 {[%clk
00:01:48]} {[%emt 00:00:12]} 60. Ke2 {[%clk 00:02:00]} {[%emt 00:00:13]} Kd8
1/2-1/2

[Event "DEM U12w 2024"]
[Site "Willingen GER"]
[Date "2024.05.20"]
[Round "3"]
[White "Kübart, Ela Marie"]
[Black "Tu, Audrey"]
[Result "0-1"]
[Termination "normal"]
[Board "5"]
[WhiteElo "1567"]
[BlackElo "1711"]
[WhiteClock "01:06:30"]
[BlackClock "00:35:04"]
[PlyCount "54"]
[WhiteFideId "34633723"]
[BlackFideId "34628568"]
[EventCountry "GER"]
[EventRounds "9"]
[EventType "swiss"]
[EventDate "2024.05.18"]

1. d4 {[%clk 01:30:58]} d5 {[%clk 01:30:53]} {[%emt 00:00:07]} 2. Nf3 {[%clk
01:31:23]} {[%emt 00:00:05]} e6 {[%clk 01:31:14]} {[%emt 00:00:09]} 3. e3
{[%clk 01:31:39]} {[%emt 00:00:15]} Bd6 {[%clk 01:31:32]} {[%emt 00:00:12]} 4.
Bd3 {[%clk 01:31:36]} {[%emt 00:00:32]} f5 {[%clk 01:31:53]} {[%emt 00:00:09]}
5. Ne5 {[%clk 01:29:30]} {[%emt 00:02:36]} Nf6 {[%clk 01:31:05]} {[%emt
00:01:17]} 6. f4 {[%clk 01:29:07]} {[%emt 00:00:54]} O-O {[%clk 01:29:00]}
{[%emt 00:02:35]} 7. O-O {[%clk 01:28:26]} {[%emt 00:01:10]} c6 {[%clk
01:25:55]} {[%emt 00:03:36]} 8. Nd2 {[%clk 01:27:01]} {[%emt 00:01:55]} Nbd7
{[%clk 01:23:37]} {[%emt 00:02:48]} 9. b3 {[%clk 01:27:04]} {[%emt 00:00:28]}
Ne4 {[%clk 01:18:35]} {[%emt 00:05:32]} 10. Rf3 {[%clk 01:23:21]} {[%emt
00:04:12]} Ndf6 {[%clk 01:12:50]} {[%emt 00:06:15]} 11. c4 {[%clk 01:21:54]}
{[%emt 00:01:57]} Bd7 {[%clk 01:05:59]} {[%emt 00:07:21]} 12. c5 {[%clk
01:19:47]} {[%emt 00:02:38]} Bc7 {[%clk 01:03:08]} {[%emt 00:03:21]} 13. Rh3
{[%clk 01:19:11]} {[%emt 00:00:57]} Be8 {[%clk 00:58:30]} {[%emt 00:05:16]} 14.
Ndf3 {[%clk 01:18:18]} {[%emt 00:01:23]} h6 {[%clk 00:52:57]} {[%emt 00:06:03]}
15. Qe1 {[%clk 01:16:11]} {[%emt 00:02:32]} Ng4 {[%clk 00:48:55]} {[%emt
00:04:37]} 16. Nxg4 {[%clk 01:09:44]} {[%emt 00:06:57]} fxg4 {[%clk 00:49:11]}
{[%emt 00:00:15]} 17. Rh4 {[%clk 01:09:27]} {[%emt 00:00:47]} gxf3 {[%clk
00:48:15]} {[%emt 00:01:26]} 18. gxf3 {[%clk 01:09:50]} {[%emt 00:00:07]} Ba5
{[%clk 00:40:04]} {[%emt 00:08:41]} 19. b4 {[%clk 01:08:05]} {[%emt 00:02:15]}
Bxb4 {[%clk 00:40:11]} {[%emt 00:00:24]} 20. Qxb4 {[%clk 01:08:23]} {[%emt
00:00:11]} Qxh4 {[%clk 00:40:33]} {[%emt 00:00:08]} 21. fxe4 {[%clk 01:08:34]}
{[%emt 00:00:19]} Qg4+ {[%clk 00:37:55]} {[%emt 00:03:08]} 22. Kf2 {[%clk
01:08:38]} {[%emt 00:00:25]} Bh5 {[%clk 00:35:13]} {[%emt 00:03:13]} 23. Bb2
{[%clk 01:07:28]} {[%emt 00:01:41]} Qf3+ {[%clk 00:34:57]} {[%emt 00:00:45]}
24. Ke1 {[%clk 01:07:00]} {[%emt 00:00:58]} Qxe3+ {[%clk 00:34:56]} {[%emt
00:00:31]} 25. Kf1 {[%clk 01:06:45]} {[%emt 00:00:45]} Qxd3+ {[%clk 00:35:13]}
{[%emt 00:00:13]} 26. Kf2 {[%clk 01:06:36]} {[%emt 00:00:07]} Rxf4+ {[%clk
00:35:06]} {[%emt 00:01:10]} 27. Kg1 {[%clk 01:06:30]} {[%emt 00:00:35]} Qe3+
{[%clk 00:35:04]} {[%emt 00:00:30]} 0-1

[Event "DEM U12w 2024"]
[Site "Willingen GER"]
[Date "2024.05.20"]
[Round "3"]
[White "Busch, Lara Sophie"]
[Black "Wang, Enya Marie"]
[Result "1-0"]
[Termination "normal"]
[Board "7"]
[WhiteElo "1585"]
[BlackElo "1614"]
[WhiteClock "00:21:29"]
[BlackClock "00:12:30"]
[PlyCount "73"]
[WhiteFideId "34664866"]
[BlackFideId "34660330"]
[EventCountry "GER"]
[EventRounds "9"]
[EventType "swiss"]
[EventDate "2024.05.18"]

1. e4 {[%clk 01:30:58]} {[%emt 00:00:02]} e5 {[%clk 01:30:51]} {[%emt
00:00:09]} 2. Nf3 {[%clk 01:31:23]} {[%emt 00:00:05]} Nc6 {[%clk 01:31:14]}
{[%emt 00:00:08]} 3. Bc4 {[%clk 01:31:41]} {[%emt 00:00:12]} Nf6 {[%clk
01:31:33]} {[%emt 00:00:11]} 4. d3 {[%clk 01:32:03]} {[%emt 00:00:07]} h6
{[%clk 01:30:36]} {[%emt 00:01:27]} 5. c3 {[%clk 01:32:01]} {[%emt 00:00:32]}
d6 {[%clk 01:30:20]} {[%emt 00:00:46]} 6. Bb3 {[%clk 01:30:51]} {[%emt
00:01:40]} g5 {[%clk 01:28:50]} {[%emt 00:02:00]} 7. h3 {[%clk 01:28:51]}
{[%emt 00:02:30]} Bg7 {[%clk 01:26:50]} {[%emt 00:02:30]} 8. Nh2 {[%clk
01:26:24]} {[%emt 00:02:58]} Ne7 {[%clk 01:21:15]} {[%emt 00:06:05]} 9. Nd2
{[%clk 01:21:09]} {[%emt 00:05:45]} Ng6 {[%clk 01:14:46]} {[%emt 00:06:58]} 10.
Nc4 {[%clk 01:19:16]} {[%emt 00:02:24]} Nf4 {[%clk 01:13:31]} {[%emt 00:01:46]}
11. Ne3 {[%clk 01:16:08]} {[%emt 00:03:38]} h5 {[%clk 01:10:32]} {[%emt
00:03:29]} 12. Nf3 {[%clk 01:10:44]} {[%emt 00:05:54]} g4 {[%clk 01:02:24]}
{[%emt 00:08:37]} 13. Ng5 {[%clk 01:07:46]} {[%emt 00:03:29]} Rf8 {[%clk
00:56:03]} {[%emt 00:06:50]} 14. h4 {[%clk 00:56:36]} {[%emt 00:11:40]} c6
{[%clk 00:49:32]} {[%emt 00:07:02]} 15. f3 {[%clk 00:47:07]} {[%emt 00:09:57]}
gxf3 {[%clk 00:47:08]} {[%emt 00:02:55]} 16. gxf3 {[%clk 00:43:16]} {[%emt
00:04:21]} d5 {[%clk 00:43:29]} {[%emt 00:04:10]} 17. Rg1 {[%clk 00:39:02]}
{[%emt 00:04:43]} Rg8 {[%clk 00:37:48]} {[%emt 00:06:11]} 18. Nf5 {[%clk
00:37:10]} {[%emt 00:02:23]} Bxf5 {[%clk 00:36:52]} {[%emt 00:01:24]} 19. Bxf4
{[%clk 00:34:23]} {[%emt 00:03:18]} exf4 {[%clk 00:35:57]} {[%emt 00:01:25]}
20. exf5 {[%clk 00:34:37]} {[%emt 00:00:16]} Qd7 {[%clk 00:33:33]} {[%emt
00:02:55]} 21. Qe2+ {[%clk 00:32:18]} {[%emt 00:02:49]} Kf8 {[%clk 00:32:27]}
{[%emt 00:01:36]} 22. O-O-O {[%clk 00:31:08]} {[%emt 00:01:41]} Re8 {[%clk
00:32:10]} {[%emt 00:00:47]} 23. Qf2 {[%clk 00:30:13]} {[%emt 00:01:20]} Qxf5
{[%clk 00:31:44]} {[%emt 00:01:00]} 24. Qxa7 {[%clk 00:29:06]} {[%emt
00:01:33]} Qd7 {[%clk 00:29:35]} {[%emt 00:02:43]} 25. Rde1 {[%clk 00:28:14]}
{[%emt 00:01:22]} Bh6 {[%clk 00:24:14]} {[%emt 00:05:52]} 26. Rxe8+ {[%clk
00:27:15]} {[%emt 00:01:28]} Qxe8 {[%clk 00:22:20]} {[%emt 00:02:24]} 27. Qa3+
{[%clk 00:25:26]} {[%emt 00:02:18]} Qe7 {[%clk 00:21:23]} {[%emt 00:01:28]} 28.
Nh7+ {[%clk 00:24:43]} {[%emt 00:01:06]} Ke8 {[%clk 00:16:01]} {[%emt
00:05:58]} 29. Nxf6+ {[%clk 00:24:29]} {[%emt 00:00:44]} Qxf6 {[%clk 00:16:08]}
{[%emt 00:00:23]} 30. Rxg8+ {[%clk 00:24:28]} {[%emt 00:00:30]} Kd7 {[%clk
00:16:24]} {[%emt 00:00:14]} 31. Qb4 {[%clk 00:22:52]} {[%emt 00:02:04]} Kc7
{[%clk 00:16:14]} {[%emt 00:00:43]} 32. Re8 {[%clk 00:22:18]} {[%emt 00:01:01]}
Qg6 {[%clk 00:14:43]} {[%emt 00:02:03]} 33. Re7+ {[%clk 00:21:53]} {[%emt
00:00:54]} Kd8 {[%clk 00:14:52]} {[%emt 00:00:22]} 34. Qxb7 {[%clk 00:21:10]}
{[%emt 00:01:14]} Qg1+ {[%clk 00:13:35]} {[%emt 00:01:46]} 35. Bd1 {[%clk
00:21:12]} {[%emt 00:00:28]} Qe3+ {[%clk 00:12:08]} {[%emt 00:01:57]} 36. Rxe3
{[%clk 00:21:25]} {[%emt 00:00:17]} fxe3 {[%clk 00:12:30]} {[%emt 00:00:08]}
37. Kc2 {[%clk 00:21:29]} {[%emt 00:00:26]} 1-0

[Event "DEM U12w 2024"]
[Site "Willingen GER"]
[Date "2024.05.20"]
[Round "3"]
[White "Jordan, Christina"]
[Black "Lu, Sheng"]
[Result "0-1"]
[Termination "normal"]
[Board "8"]
[WhiteElo "1802"]
[BlackElo "1590"]
[WhiteClock "00:13:26"]
[BlackClock "00:51:33"]
[PlyCount "66"]
[WhiteFideId "1347977"]
[BlackFideId "34628061"]
[EventCountry "GER"]
[EventRounds "9"]
[EventType "swiss"]
[EventDate "2024.05.18"]

1. e4 {[%clk 01:30:58]} {[%emt 00:00:01]} e5 {[%clk 01:30:55]} {[%emt
00:00:06]} 2. Nf3 {[%clk 01:31:24]} {[%emt 00:00:04]} Nc6 {[%clk 01:31:19]}
{[%emt 00:00:05]} 3. Bb5 {[%clk 01:31:49]} {[%emt 00:00:04]} Nf6 {[%clk
01:31:42]} {[%emt 00:00:08]} 4. O-O {[%clk 01:32:12]} {[%emt 00:00:07]} Nxe4
{[%clk 01:31:50]} {[%emt 00:00:23]} 5. d4 {[%emt 00:00:38]} Nd6 {[%clk
01:31:43]} {[%emt 00:00:35]} 6. Bxc6 {[%clk 01:31:51]} {[%emt 00:00:45]} dxc6
{[%clk 01:31:39]} {[%emt 00:00:34]} 7. Nxe5 {[%clk 01:25:03]} {[%emt 00:07:18]}
Be7 {[%clk 01:29:49]} {[%emt 00:02:20]} 8. Re1 {[%clk 01:22:19]} {[%emt
00:03:14]} O-O {[%clk 01:28:30]} {[%emt 00:01:49]} 9. c3 {[%clk 01:19:17]}
{[%emt 00:03:32]} Be6 {[%clk 01:25:38]} {[%emt 00:03:21]} 10. Nd2 {[%clk
01:17:17]} {[%emt 00:02:30]} Bf6 {[%clk 01:24:09]} {[%emt 00:02:00]} 11. Ndf3
{[%clk 01:14:46]} {[%emt 00:03:01]} Re8 {[%clk 01:21:50]} {[%emt 00:02:49]} 12.
Bf4 {[%clk 01:09:26]} {[%emt 00:05:50]} Bxe5 {[%clk 01:18:10]} {[%emt
00:04:10]} 13. Nxe5 {[%clk 01:04:49]} {[%emt 00:05:07]} f6 {[%clk 01:16:21]}
{[%emt 00:02:19]} 14. Nd3 {[%clk 00:57:06]} {[%emt 00:08:12]} Bf5 {[%clk
01:13:20]} {[%emt 00:03:32]} 15. Qb3+ {[%clk 00:51:01]} {[%emt 00:06:35]} Kh8
{[%clk 01:10:50]} {[%emt 00:03:00]} 16. Rxe8+ {[%clk 00:47:07]} {[%emt
00:04:23]} Qxe8 {[%clk 01:09:16]} {[%emt 00:02:04]} 17. Nc5 {[%clk 00:40:34]}
{[%emt 00:07:04]} b6 {[%clk 01:06:11]} {[%emt 00:03:35]} 18. Na6 {[%clk
00:37:25]} {[%emt 00:03:39]} Qc8 {[%clk 01:04:32]} {[%emt 00:02:08]} 19. Nb4
{[%clk 00:36:13]} {[%emt 00:01:43]} Qe8 {[%clk 01:01:29]} {[%emt 00:03:33]} 20.
Qa4 {[%clk 00:29:41]} {[%emt 00:07:00]} a5 {[%clk 00:58:44]} {[%emt 00:03:17]}
21. Bxd6 {[%clk 00:24:22]} {[%emt 00:05:50]} axb4 {[%clk 00:57:14]} {[%emt
00:02:00]} 22. Qxb4 {[%clk 00:24:45]} {[%emt 00:00:07]} cxd6 {[%clk 00:57:32]}
{[%emt 00:00:12]} 23. h3 {[%clk 00:23:36]} {[%emt 00:01:39]} Qd8 {[%clk
00:55:11]} {[%emt 00:02:51]} 24. Qc4 {[%clk 00:21:16]} {[%emt 00:02:50]} Qd7
{[%clk 00:54:33]} {[%emt 00:01:07]} 25. Re1 {[%clk 00:19:23]} {[%emt 00:02:22]}
d5 {[%clk 00:54:28]} {[%emt 00:00:36]} 26. Qb3 {[%clk 00:19:25]} {[%emt
00:00:24]} b5 {[%clk 00:54:17]} {[%emt 00:00:46]} 27. Qb4 {[%clk 00:18:09]}
{[%emt 00:01:46]} Re8 {[%clk 00:52:40]} {[%emt 00:02:07]} 28. Rxe8+ {[%clk
00:17:02]} {[%emt 00:01:37]} Qxe8 {[%clk 00:52:21]} {[%emt 00:00:49]} 29. Qd6
{[%clk 00:16:40]} {[%emt 00:00:50]} h6 {[%clk 00:52:19]} {[%emt 00:00:34]} 30.
Qf4 {[%clk 00:14:55]} {[%emt 00:02:14]} Qe4 {[%clk 00:50:52]} {[%emt 00:01:58]}
31. Qb8+ {[%clk 00:13:38]} {[%emt 00:01:47]} Kh7 {[%clk 00:51:11]} {[%emt
00:00:12]} 32. Qc7 {[%clk 00:13:16]} {[%emt 00:00:49]} Qe1+ {[%clk 00:51:26]}
{[%emt 00:00:17]} 33. Kh2 {[%clk 00:13:26]} {[%emt 00:00:20]} Qxf2 {[%clk
00:51:33]} {[%emt 00:00:24]} 0-1

[Event "DEM U12w 2024"]
[Site "Willingen GER"]
[Date "2024.05.20"]
[Round "3"]
[White "Ali, Maha"]
[Black "Briese, Sophie"]
[Result "1/2-1/2"]
[Termination "normal"]
[Board "9"]
[WhiteElo "1667"]
[BlackElo "1475"]
[WhiteClock "00:29:34"]
[BlackClock "00:48:32"]
[PlyCount "56"]
[WhiteFideId "34626581"]
[BlackFideId "34660305"]
[EventCountry "GER"]
[EventRounds "9"]
[EventType "swiss"]
[EventDate "2024.05.18"]

1. d4 {[%clk 01:30:58]} {[%emt 00:00:02]} d5 {[%clk 01:30:55]} {[%emt
00:00:05]} 2. c4 {[%clk 01:31:22]} {[%emt 00:00:06]} e6 {[%clk 01:31:21]}
{[%emt 00:00:04]} 3. Nc3 {[%clk 01:31:44]} {[%emt 00:00:08]} Nf6 {[%clk
01:31:44]} {[%emt 00:00:07]} 4. Nf3 {[%clk 01:32:03]} {[%emt 00:00:10]} c6
{[%clk 01:31:59]} {[%emt 00:00:15]} 5. e3 {[%clk 01:32:17]} {[%emt 00:00:16]}
Nbd7 {[%clk 01:32:22]} {[%emt 00:00:07]} 6. Be2 {[%clk 01:32:40]} {[%emt
00:00:07]} Bd6 {[%clk 01:32:44]} {[%emt 00:00:08]} 7. O-O {[%clk 01:32:53]}
{[%emt 00:00:17]} O-O {[%clk 01:33:08]} {[%emt 00:00:07]} 8. b3 {[%clk
01:33:15]} {[%emt 00:00:08]} Ne4 {[%clk 01:33:05]} {[%emt 00:00:32]} 9. Qc2
{[%clk 01:31:10]} {[%emt 00:02:35]} f5 {[%clk 01:33:28]} {[%emt 00:00:07]} 10.
Bb2 {[%clk 01:30:33]} {[%emt 00:01:08]} Qf6 {[%clk 01:33:32]} {[%emt 00:00:26]}
11. cxd5 {[%clk 01:27:51]} {[%emt 00:03:12]} exd5 {[%clk 01:32:07]} {[%emt
00:01:53]} 12. a3 {[%clk 01:25:37]} {[%emt 00:02:45]} a5 {[%clk 01:32:00]}
{[%emt 00:00:37]} 13. Rfd1 {[%clk 01:22:17]} {[%emt 00:03:50]} Qh6 {[%clk
01:30:18]} {[%emt 00:02:12]} 14. g3 {[%clk 01:19:29]} {[%emt 00:03:19]} Ndf6
{[%clk 01:27:13]} {[%emt 00:03:35]} 15. Ne5 {[%clk 01:10:20]} {[%emt 00:09:39]}
Bxe5 {[%clk 01:25:30]} {[%emt 00:02:13]} 16. dxe5 {[%clk 01:10:24]} {[%emt
00:00:26]} Ng4 {[%clk 01:24:52]} {[%emt 00:01:07]} 17. Bxg4 {[%clk 01:10:31]}
{[%emt 00:00:23]} fxg4 {[%clk 01:25:11]} {[%emt 00:00:09]} 18. Nxe4 {[%clk
01:10:04]} {[%emt 00:00:58]} dxe4 {[%clk 01:24:50]} {[%emt 00:00:51]} 19. Qxe4
{[%clk 01:09:21]} {[%emt 00:01:13]} Bf5 {[%clk 01:20:07]} {[%emt 00:05:13]} 20.
Qd4 {[%clk 01:08:15]} {[%emt 00:01:36]} Rf7 {[%clk 01:12:08]} {[%emt 00:08:29]}
21. Qc3 {[%clk 01:01:52]} {[%emt 00:06:53]} Raf8 {[%clk 01:09:16]} {[%emt
00:03:21]} 22. Rd6 {[%clk 00:58:07]} {[%emt 00:04:15]} Be6 {[%clk 01:04:03]}
{[%emt 00:05:43]} 23. Rf1 {[%clk 00:50:34]} {[%emt 00:08:04]} Rf5 {[%clk
00:58:48]} {[%emt 00:05:45]} 24. e4 {[%clk 00:41:13]} {[%emt 00:09:51]} Rh5
{[%clk 00:57:58]} {[%emt 00:01:18]} 25. Bc1 {[%clk 00:41:11]} {[%emt 00:00:33]}
g5 {[%clk 00:56:53]} {[%emt 00:01:35]} 26. h4 {[%clk 00:36:59]} {[%emt
00:04:42]} gxh3 {[%clk 00:55:43]} {[%emt 00:01:39]} 27. Kh2 {[%clk 00:34:37]}
{[%emt 00:02:53]} Qg6 {[%clk 00:54:40]} {[%emt 00:01:33]} 28. Qe3 {[%clk
00:29:34]} {[%emt 00:05:33]} Qf7 {[%clk 00:48:32]} {[%emt 00:06:38]} 1/2-1/2

[Event "DEM U12w 2024"]
[Site "Willingen GER"]
[Date "2024.05.20"]
[Round "3"]
[White "Fruth, Julia"]
[Black "Wolf, Helena"]
[Result "0-1"]
[Termination "normal"]
[Board "10"]
[WhiteElo "1641"]
[BlackElo "1498"]
[WhiteClock "00:31:55"]
[BlackClock "00:44:54"]
[PlyCount "46"]
[WhiteFideId "34603050"]
[BlackFideId "34671030"]
[EventCountry "GER"]
[EventRounds "9"]
[EventType "swiss"]
[EventDate "2024.05.18"]

1. e4 {[%clk 01:30:56]} {[%emt 00:00:04]} c5 {[%clk 01:30:53]} {[%emt
00:00:07]} 2. Nf3 {[%clk 01:31:09]} {[%emt 00:00:16]} d6 {[%clk 01:31:17]}
{[%emt 00:00:07]} 3. d4 {[%clk 01:30:15]} {[%emt 00:01:23]} cxd4 {[%clk
01:31:40]} {[%emt 00:00:07]} 4. Nxd4 {[%clk 01:30:33]} {[%emt 00:00:12]} Nf6
{[%clk 01:32:04]} {[%emt 00:00:07]} 5. f3 {[%clk 01:30:50]} {[%emt 00:00:13]}
e5 {[%clk 01:32:09]} {[%emt 00:00:25]} 6. Bb5+ {[%clk 01:25:23]} {[%emt
00:05:58]} Nbd7 {[%clk 01:30:48]} {[%emt 00:01:50]} 7. Nf5 {[%clk 01:25:11]}
{[%emt 00:00:41]} d5 {[%clk 01:31:02]} {[%emt 00:00:17]} 8. exd5 {[%clk
01:22:48]} {[%emt 00:02:52]} a6 {[%clk 01:31:24]} {[%emt 00:00:09]} 9. Bxd7+
{[%clk 01:19:53]} {[%emt 00:03:25]} Bxd7 {[%clk 01:31:31]} {[%emt 00:00:23]}
10. Ng3 {[%clk 01:17:43]} {[%emt 00:02:41]} Bc5 {[%clk 01:30:10]} {[%emt
00:01:50]} 11. Nc3 {[%clk 01:13:11]} {[%emt 00:05:03]} O-O {[%clk 01:22:20]}
{[%emt 00:08:19]} 12. Bg5 {[%clk 01:09:05]} {[%emt 00:04:37]} Qb6 {[%clk
01:07:01]} {[%emt 00:15:49]} 13. Qd2 {[%clk 01:05:20]} {[%emt 00:04:15]} Bd4
{[%clk 00:59:53]} {[%emt 00:07:38]} 14. Rb1 {[%clk 00:45:03]} {[%emt 00:20:48]}
Rac8 {[%clk 00:58:59]} {[%emt 00:01:24]} 15. Nge4 {[%clk 00:38:50]} {[%emt
00:06:42]} Nxe4 {[%clk 00:57:48]} {[%emt 00:01:41]} 16. Nxe4 {[%clk 00:38:46]}
{[%emt 00:00:34]} f5 {[%clk 00:46:20]} {[%emt 00:11:57]} 17. c3 {[%clk
00:35:39]} {[%emt 00:03:37]} fxe4 {[%clk 00:44:59]} {[%emt 00:01:52]} 18. cxd4
{[%clk 00:35:31]} {[%emt 00:00:39]} exf3 {[%clk 00:44:10]} {[%emt 00:01:18]}
19. dxe5 {[%clk 00:35:07]} {[%emt 00:00:54]} f2+ {[%clk 00:44:31]} {[%emt
00:00:09]} 20. Kd1 {[%clk 00:32:03]} {[%emt 00:03:35]} f1=Q+ {[%clk 00:44:42]}
{[%emt 00:00:18]} 21. Rxf1 {[%clk 00:31:54]} {[%emt 00:00:39]} Rxf1+ {[%clk
00:45:07]} {[%emt 00:00:05]} 22. Ke2 {[%clk 00:31:40]} {[%emt 00:00:44]} Bb5+
{[%clk 00:45:28]} {[%emt 00:00:08]} 23. Qd3 {[%clk 00:31:55]} {[%emt 00:00:16]}
Qf2# {[%clk 00:44:54]} {[%emt 00:00:33]} 0-1